| 000 -CABECERA |
| fixed length control field |
00936nam a22002297a 4500 |
| 003 - IDENTIFICADOR DEL NÚMERO DE CONTROL |
| control field |
AR-CdUCM |
| 008 - DATOS DE LONGITUD FIJA--INFORMACIÓN GENERAL |
| fixed length control field |
190312b ||||| |||| 00| 0 spa d |
| 040 ## - FUENTE DE LA CATALOGACIÓN |
| Agencia/entidad que catalogó originalmente la obra |
MUNICIPALIDAD PROVINCIAL DEL CUSCO |
| Entidad que transcribió la catalogación |
BIBLIOTECA MUNICIPAL DEL CUSCO |
| 082 ## - NÚMERO DE LA CLASIFICACIÓN DECIMAL DEWEY |
| No. de la edición |
2 ed. |
| No. de Clasificación |
741 / |
| Notacion interna |
F25 |
| 100 ## - ENTRADA PRINCIPAL--NOMBRE DE PERSONA |
| Nombre Personal |
Farre, Miguel |
| 245 ## - MENCIÓN DE TÍTULO |
| Título |
La pintura a la acuarela : |
| Resto del título |
historia y técnica de la pintura al agua / |
| 260 ## - PUBLICACIÓN, DISTRIBUCIÓN, ETC. |
| Lugar de publicación, distribución, etc. |
Barcelona : |
| Nombre de la editorial, distribuidor, etc. |
Sucesor de E. Meseguer, |
| Fecha de publicación, distribución, etc. |
1953. |
| 300 ## - DESCRIPCIÓN FÍSICA |
| Nº de Páginas Extensión |
96 páginas ; |
| Otros detalles físicos |
LXIV láminas, |
| Dimensiones |
16 cm. |
| 440 ## - MENCIÓN DE SERIE/PUNTO DE ACCESO ADICIONAL--TÍTULO |
| Título |
Manual Meseguer |
| Número de la parte/sección de una obra |
8 |
| 9 (RLIN) |
15615 |
| 505 ## - NOTA DE CONTENIDO CON FORMATO |
| Nota de contenido formateada |
Contenido: La técnica al agua en la historia de la pintura -- Hacia la técnica-ideas generales sobre el procedimiento de pintura en acuarela -- colores -- los papeles -- otros elementos ... |
| 650 ## - PUNTO DE ACCESO ADICIONAL DE MATERIA--TÉRMINO DE MATERIA |
| Descriptor |
Acuarela |
| 9 (RLIN) |
15616 |
| 650 ## - PUNTO DE ACCESO ADICIONAL DE MATERIA--TÉRMINO DE MATERIA |
| Descriptor |
Técnica de la acuarela |
| 9 (RLIN) |
15617 |
| 650 ## - PUNTO DE ACCESO ADICIONAL DE MATERIA--TÉRMINO DE MATERIA |
| Descriptor |
Manual |
| 9 (RLIN) |
7438 |
| 942 ## - ELEMENTOS DE PUNTO DE ACCESO ADICIONAL (KOHA) |
| Fuente de clasificación |
|
| Tipo de item |
Libros-BMC |
| 945 ## - PROCESAMIENTO DE INFORMACIÓN LOCAL (OCLC) |
| Catalogador |
raen |